<?xml version="1.0" encoding="UTF-8"?>
<marc:record xmlns:marc="http://www.loc.gov/MARC21/slim">
   <marc:leader>00000nam a2200000 a 4500</marc:leader>
   <marc:datafield ind1="1" ind2=" " tag="100">
      <marc:subfield code="a">Metz, Johann Baptist</marc:subfield>
      <marc:subfield code="4">aut</marc:subfield>
      <marc:subfield code="e">Verfasser/-in</marc:subfield>
   </marc:datafield>
   <marc:datafield ind1=" " ind2=" " tag="653">
      <marc:subfield code="a">Ordensleben</marc:subfield>
   </marc:datafield>
   <marc:datafield ind1=" " ind2=" " tag="653">
      <marc:subfield code="a">Nachfolge Christi</marc:subfield>
   </marc:datafield>
   <marc:datafield ind1="0" ind2="0" tag="245">
      <marc:subfield code="a">Zeit der Orden?</marc:subfield>
   </marc:datafield>
   <marc:datafield ind1="0" ind2="0" tag="245">
      <marc:subfield code="b">zur Mystik und Politik der Nachfolge</marc:subfield>
   </marc:datafield>
   <marc:datafield ind1="0" ind2="0" tag="245">
      <marc:subfield code="c">Johann Baptist Metz</marc:subfield>
   </marc:datafield>
   <marc:datafield ind1=" " ind2="1" tag="264">
      <marc:subfield code="a">Kevelaer</marc:subfield>
      <marc:subfield code="b">Lahn-Verl.</marc:subfield>
      <marc:subfield code="c">2014</marc:subfield>
   </marc:datafield>
   <marc:datafield ind1="1" ind2=" " tag="490">
      <marc:subfield code="a">Topos-Taschenbücher</marc:subfield>
      <marc:subfield code="v">Bd. 886</marc:subfield>
   </marc:datafield>
   <marc:datafield ind1="1" ind2=" " tag="520">
      <marc:subfield code="a">Angaben aus der Verlagsmeldung

Zeit der Orden? : Zur Mystik und Politik der Nachfolge / von Johann Baptist Metz

Die Nachfolge Jesu ist das entscheidende Stichwort für jede christliche Existenz. Im Lauf der Kirchengeschichte waren es die Ordensgemeinschaften, die gegenüber einem allzu angepassten Christentum die „gefährliche Erinnerung“ an dessen Ursprünge wachhielten und zu einer prophetischen Kraft innerhalb der Kirche selbst wurden. Dieses Buch ist allerdings nicht nur eine Anfrage an das Ordensleben heute, sondern eine grundlegende Besinnung darauf, was Nachfolge Jesu unter den Bedingungen der Gegenwart heißt.
</marc:subfield>
   </marc:datafield>
   <marc:datafield ind1=" " ind2=" " tag="020">
      <marc:subfield code="a">9783836708869</marc:subfield>
      <marc:subfield code="9">9783836708869</marc:subfield>
   </marc:datafield>
   <marc:datafield ind1=" " ind2=" " tag="041">
      <marc:subfield code="a">ger</marc:subfield>
   </marc:datafield>
   <marc:datafield ind1=" " ind2=" " tag="300">
      <marc:subfield code="a">91 S.</marc:subfield>
   </marc:datafield>
</marc:record>
